000 00747nam a22002297a 4500
008 240525b mp ||||| |||| 00| 0 mon d
020 _a978-99973-1-738-4
035 _a14410
040 _aСэлэнгэ аймгийн нийтийн номын сан
_bmon
_cMN-UlNLM
_dMN-UlNLM
_erda
041 _amon
042 _a30038
084 _2НСНЗА
_a84(7АНУ)
_bЖ 622
100 _aЖефф К.
245 0 _aГашуун үнэн
264 _aУлаанбаатар хот
_bАдмон принт
_c2009
300 _a216
336 _2rdacontent
_atext
_btxt
337 _2rdamedia
_aunmediated
_bn
338 _2rdacarrier
_avolume
_bnc
490 _aДүрсгүй жаалын өдрийн тэмдэглэл
_v5
942 _2NNA
_cBK
999 _c713434
_d713491